书目信息 |
| 题名: |
大国担当
|
|
| 作者: | 王锦秋 , 洪建国 著 | |
| 分册: | ||
| 出版信息: | 长春 时代文艺出版社 2017 |
|
| 页数: | 471页 | |
| 开本: | 24cm | |
| 丛书名: | ||
| 单 册: | ||
| 中图分类: | I253.6 | |
| 科图分类: | ||
| 主题词: | 报告文学--中国--当代 , 流行性出血热--医疗队--对外援助--中国 | |
| 电子资源: | ||
| ISBN: | 978-7-5387-5440-7 | |
| 000 | 01098nam0 2200277 450 | |
| 001 | 012001004026 | |
| 005 | 20180929091444.37 | |
| 010 | @a978-7-5387-5440-7@dCNY28.00 | |
| 100 | @a20180217d2017 em y0chiy50 ea | |
| 101 | 0 | @achi |
| 102 | @aCN@b220000 | |
| 105 | @aa z 000zy | |
| 106 | @ar | |
| 200 | 1 | @a大国担当@9da guo dan dang@e中国人民解放军援塞医疗队抗击埃博拉疫情纪实@f王锦秋,洪建国著 |
| 205 | @a2版 | |
| 210 | @a长春@c时代文艺出版社@d2017 | |
| 215 | @a471页@c照片@d24cm | |
| 300 | @a健康生活 悦动吉林 书香吉林·全民阅读民生读本 2016年度中国好书 “十三五”国家重点图书出版规划项目 | |
| 330 | @a本书采用报告文学的形式,真实记录了中国人民解放军302医院先后三批派遣医疗队前往疫情严重的西非塞拉利昂,执行埃博拉出血热患者诊治任务,在疫情最为危急的时刻,克服当地恶劣的环境,发扬人道主义精神。 | |
| 606 | 0 | @a报告文学@y中国@z当代 |
| 606 | 0 | @a流行性出血热@x医疗队@x对外援助@y中国 |
| 690 | @aI253.6@v5 | |
| 701 | 0 | @a王锦秋@9wang jin qiu@c(上校)@4著 |
| 701 | 0 | @a洪建国@9hong jian guo@c(宣传工作)@4著 |
| 801 | 0 | @aCN@b上海新华@c20180901 |
| 905 | @b1164112-6@dI253.6@e1077=2@f5 | |
| 大国担当:中国人民解放军援塞医疗队抗击埃博拉疫情纪实/王锦秋,洪建国著.-2版.-长春:时代文艺出版社,2017 |
| 471页:照片;24cm |
| 健康生活 悦动吉林 书香吉林·全民阅读民生读本 2016年度中国好书 “十三五”国家重点图书出版规划项目 |
| ISBN 978-7-5387-5440-7:CNY28.00 |
| 本书采用报告文学的形式,真实记录了中国人民解放军302医院先后三批派遣医疗队前往疫情严重的西非塞拉利昂,执行埃博拉出血热患者诊治任务,在疫情最为危急的时刻,克服当地恶劣的环境,发扬人道主义精神。 |
| ● |
| 相关链接 |
|
|
|
|
正题名:大国担当
索取号:I253.6/1077=2
 
预约/预借
| 序号 | 登录号 | 条形码 | 馆藏地/架位号 | 状态 | 备注 |
| 1 | 1164112 | 211641124 | 第一样本阅览室/ [索取号:I253.6/1077=2] | 在馆 | |
| 2 | 1164113 | 211641133 | 第二借阅区/ [索取号:I253.6/1077=2] | 在馆 | |
| 3 | 1164114 | 211641142 | 第二借阅区/ [索取号:I253.6/1077=2] | 在馆 | |
| 4 | 1164115 | 211641151 | 密集书库-文学院/ [索取号:I253.6/1077=2] | 在馆 | |
| 5 | 1164116 | 211641160 | 第二借阅区/ [索取号:I253.6/1077=2] | 在馆 |